[Event "South African op"]
[Site "Durban"]
[Date "2017.07.15"]
[Round "3"]
[White "Magangwe, Ephraim"]
[Black "Phahlane, Lesiba Joel"]
[Result "0-1"]
[WhiteElo "1416"]
[BlackElo "1462"]
[PlyCount "88"]
[EventDate "2017.07.14"]
[EventType "swiss"]
[EventRounds "11"]
[EventCountry "RSA"]
[SourceTitle "EXT 2018"]
[Source "ChessBase"]
[SourceDate "2017.10.13"]
[SourceVersion "1"]
[SourceVersionDate "2017.10.13"]
[SourceQuality "1"]

1. e4 e5 2. Ne2 Nf6 3. d3 Bc5 4. h3 c6 5. c4 d5 6. exd5 cxd5 7. g3 dxc4 8. Qa4+ Nc6 9. Qxc4 Qb6 10. Rh2 Be6 11. Qc2 0-0 12. Nbc3 Rac8 13. Bd2 Nb4 14. Qb1 Rfd8 15. Nc1 h6 16. a3 Nc6 17. Na4 Qb5 18. Nxc5 Qxc5 19. b4 Qd6 20. Be3 Nd4 21. Bxd4 Qxd4 22. f3 Nd5 23. Qb2 Qe3+ 24. Re2 Qxf3 25. Qxe5 Nc3 26. Qe3 Qf6 27. Rf2 Qg6 28. Qf4 Re8 29. Kd2 Nd5 30. Qe4 Qg5+ 31. Rf4 Nxf4 32. Qxf4 Qh5 33. g4 Qh4 34. Ne2 Qd8 35. Qd4 Qg5+ 36. Qf4 Qd5 37. Nc1 Qc6 38. Qd4 Qc2+ 39. Ke3 Bxg4+ 40. Kf4 Bh5 41. Kg3 Qd1 42. Na2 Qf3+ 43. Kh2 Rc2+ 44. Kg1 Qg3+ 0-1